Ulam dan sayuran tempatan Semenanjung Malaysia (Record no. 148989)

MARC details
000 -LEADER
fixed length control field 00882nam a2200265 i 4500
001 - CONTROL NUMBER
control field C2-0229372
003 - CONTROL NUMBER IDENTIFIER
control field PPAK
005 - DATE AND TIME OF LATEST TRANSACTION
control field 20180728160131.0
008 - FIXED-LENGTH DATA ELEMENTS--GENERAL INFORMATION
fixed length control field 000930s2000 my a|||| ||||| | may d
020 ## - INTERNATIONAL STANDARD BOOK NUMBER
International Standard Book Number 9789836268259 ; 9836268251
040 ## - CATALOGING SOURCE
Original cataloging agency PPAK
Language of cataloging eng
Transcribing agency PPAK
Description conventions rda
082 04 - DEWEY DECIMAL CLASSIFICATION NUMBER
Classification number 581.632095951
Edition number 23
090 00 - LOCALLY ASSIGNED LC-TYPE CALL NUMBER (OCLC); LOCAL CALL NUMBER (RLIN)
Classification number (OCLC) (R) ; Classification number, CALL (RLIN) (NR) 581.632095951
Feature heading RUK
Feature heading KK
Classification number (OCLC) (R) ; Classification number, CALL (RLIN) (NR) 581.632095951
Feature heading RUK
Feature heading R
100 0# - MAIN ENTRY--PERSONAL NAME
Personal name Rukayah Aman,
Relator term author
245 10 - TITLE STATEMENT
Title Ulam dan sayuran tempatan Semenanjung Malaysia
264 #1 - PRODUCTION, PUBLICATION, DISTRIBUTION, MANUFACTURE, AND COPYRIGHT NOTICE
Place of production, publication, distribution, manufacture Kuala Lumpur :
Name of producer, publisher, distributor, manufacturer Dewan Bahasa dan Pustaka ,
Date of production, publication, distribution, manufacture, or copyright notice 2000
300 ## - PHYSICAL DESCRIPTION
Extent xxi, 168 pages :
Other physical details colour photographs ;
Dimensions 24 cm
336 ## - CONTENT TYPE
Source rdacontent
Content type term text
337 ## - MEDIA TYPE
Source rdamedia
Media type term unmediated
338 ## - CARRIER TYPE
Source rdacarrier
Carrier type term volume
500 ## - GENERAL NOTE
General note Bibliografi : hlm. 163 ; Mengandungi indeks
650 10 - SUBJECT ADDED ENTRY--TOPICAL TERM
Topical term or geographic name entry element Plants, Edible - Semenanjung Malaysia. ; Vegetables - Semenanjung Malaysia.
942 ## - ADDED ENTRY ELEMENTS (KOHA)
-- dc
Koha item type Book
Holdings
Withdrawn Not for loan Current library Shelving location Date acquired Total Checkouts Full call number Barcode Date last seen Koha item type
  Not For Loan Perpustakaan Alor Setar Koleksi Kedah 03/02/2016   KK 581.632095951 RUK A00366844 31/05/2018 Book
  Not For Loan Perpustakaan Bandar Baharu Rujukan Dewasa 13/06/2001   R 581.632095951 RUK A00965215 31/05/2018 Book
  Not For Loan Perpustakaan Jitra Rujukan Dewasa 13/06/2001   R 581.632095951 RUK A00965211 31/05/2018 Book
  Not For Loan Perpustakaan Kulim Rujukan Dewasa 13/06/2001   R 581.632095951 RUK A00965213 31/05/2018 Book
  Not For Loan Perpustakaan Langkawi Rujukan Dewasa 13/06/2001   R 581.632095951 RUK A00965212 31/05/2018 Book
  Not For Loan PD29, Kg. Gajah Putih, Sik Rujukan Dewasa 30/01/2001   R 581.632095951 RUK A00953054 31/05/2018 Book
  Not For Loan PD30, Bandar Baru Beris Jaya, Sik Rujukan Dewasa 16/06/2004   R 581.632095951 RUK A01065066 31/05/2018 Book
  Not For Loan PD30, Bandar Baru Beris Jaya, Sik Rujukan Dewasa 16/06/2004   R 581.632095951 RUK A01065067 31/05/2018 Book